ADN recombinante y biotecnología : guía para estudiantes /

Obra que trata temas referentes a investigación sobre el ADN a nivel laboratorio para estudiantes. Contiene temas tales como la estructura y función del ADN, la manipulación y análisis del ADN, la transferencia de información genética, la bioinformática y análisis evolutivo de las proteínas y la bio...

Повний опис

Збережено в:
Бібліографічні деталі
Автор: Kreuzer, Helen (autor)
Інші автори: Massey, Adrianne (autor) (autor)
Формат: Книга
Мова:Іспанська
Опубліковано: Zaragoza, España : Acribia, 2004, c2004
Предмети:
Теги: Додати тег
Немає тегів, Будьте першим, хто поставить тег для цього запису!

MARC

LEADER 00000nam^a2200000^a^4500
001 000303735
005 20250521000000.0
009 20260310112658.256
020 |a 84-200-1025-1 
037 |a Acervo ITESO - Biblioteca 
041 |a ESP 
082 |a 575. 10724  |b KRE 
100 |a Kreuzer, Helen  |e (autor) 
240 1 1 |a [ADN recombinante y biotecnología: guía para estudiantes] 
240 1 1 |a [Recombinant DNA and Biotechnology] 
245 1 0 |a ADN recombinante y biotecnología :  |b guía para estudiantes /  |c H. Krauzer, A. Massey ; tr. por María Isabel Mora, María Jesús Arrizubieta Balardi. 
264 4 |a Zaragoza, España :  |b Acribia,  |c 2004, c2004 
300 |a XIV, 449 p. 
336 |a texto  |b txt  |2 rdacontenido 
337 |a sin mediación  |b n  |2 rdamedio 
338 |a volumen  |b nc  |2 rdasoporte 
500 |a Traducción de: Recombinant DNA and Biotechnology. A Guide for Students 
520 |a Obra que trata temas referentes a investigación sobre el ADN a nivel laboratorio para estudiantes. Contiene temas tales como la estructura y función del ADN, la manipulación y análisis del ADN, la transferencia de información genética, la bioinformática y análisis evolutivo de las proteínas y la biología molecular y genética. 
590 |a Traducción de la 2a edición en inglés 
649 |a XX 
650 |a ADN Recombinante -  |x Tema Principal 
650 |a ADN -  |x Estructura 
650 |a Ingeniería Genética -  |x Tema Principal 
650 |a Biotecnología -  |x Tema Principal 
650 |a Genética 
650 |a Biología Molecular -  |x Tema Principal 
700 |a Massey, Adrianne  |e (autor) 
910 |a Fondo General 
920 |a Impresos - Libros 
930 |a Colección General 
905 |a 101 
901 |a 0500190302  |b IT1  |c ACC  |i C12749  |u 20250521 
902 |a https://opac.biblio.iteso.mx/vufind/Record/000303735